000 01067cab a2200361 4500
001 ##L134106
008 060710n2006 000 0 eng u
035 _a(Sirsi) u134106
041 0 _aeng
100 1 _aHeap, Richard
245 0 0 _aWhere in the world?
260 _c2006
490 0 _aBuilding
_v271(8435) 16 June 2006, 36-40(5)
520 _aReports on the latest Hays Construction and Property/Building international salary guide. Compares opportunities and salaries for quantity surveyors, project managers and engineers in the UK and 14 other countries.
651 4 _aUnited Kingdom
_y
651 4 _aCANADA
651 4 _aCZECH REPUBLIC
651 4 _aCARIBBEAN
651 4 _aFRANCE
651 4 _aEGYPT
651 4 _aHONG KONG
651 4 _aIRELAND
651 4 _aITALY
651 4 _aNEW ZEALAND
651 4 _aAUSTRALIA
651 4 _aPOLAND
651 4 _aNETHERLANDS
651 4 _aPORTUGAL
651 4 _aSPAIN
651 4 _aUNITED ARAB EMIRATES
690 _aCAREERS, EDUCATION AND TRAINING-SURVEYING APPOINTMENTS
942 _n0
999 _c77374
_d77374